La formation de l'enfant en Espagne aux XVIe et XVIIe siècles (Record no. 18737)

MARC details
000 -LEADER
campo de control de longitud fija 01004nam a2200241 i 4500
001 - NÚMERO DE CONTROL
campo de control 18737
003 - IDENTIFICADOR DE NÚMERO DE CONTROL
campo de control ES-MaACL
005 - FECHA Y HORA DE LA ÚLTIMA TRANSACCIÓN
campo de control 20230906151918.0
007 - CAMPO FIJO DE DESCRIPCIÓN FÍSICA--INFORMACIÓN GENERAL
campo de control de longitud fija t|
008 - DATOS DE LONGITUD FIJA--INFORMACIÓN GENERAL
campo de control de longitud fija 020311s1996 fr |||| | fre d
020 ## - NÚMERO INTERNACIONAL ESTÁNDAR DEL LIBRO
Número Internacional Estándar del Libro 2-85944-324-X
080 ## - NÚMERO DE LA CLASIFICACIÓN DECIMAL UNIVERSAL
Número de la Clasificación Decimal Universal 37(460)"15/16"
245 03 - MENCIÓN DEL TÍTULO
Título La formation de l'enfant en Espagne aux XVIe et XVIIe siècles
Resto del título : Colloque International (Sorbonne et Collège d'Espagne, 25-27 septembre 1995) /
Mención de responsabilidad, etc. sous la direction d'Augustin Redondo.
260 ## - PUBLICACIÓN, DISTRIBUCIÓN, ETC.
Lugar de publicación, distribución, etc. Paris :
Nombre del editor, distribuidor, etc. Publications de la Sorbonne :
-- Presses de la Sorbonne Nouvelle,
Fecha de publicación, distribución, etc. 1996.
300 ## - DESCRIPCIÓN FÍSICA
Extensión 425 p. ;
Dimensiones 24 cm.
490 1# - MENCIÓN DE SERIE
Mención de serie Travaux du "Centre de recherche sur l'Espagne des XVIe et XVIIe siècles" ;
Designación de volumen o secuencia 11
546 ## - NOTA DE IDIOMA
Nota de lengua/lenguaje Textos en francés y en español.
650 #4 - PUNTO DE ACCESO ADICIONAL DE MATERIA--TÉRMINO DE MATERIA
Término de materia o nombre geográfico como elemento de entrada Enseñanza-
Subdivisión geográfica España-
Subdivisión cronológica S.XVI-XVII.
9 (RLIN) 12287
700 1# - ENTRADA AGREGADA--NOMBRE PERSONAL
Nombre de persona Redondo, Augustin.
9 (RLIN) 95809
830 0# - PUNTO DE ACCESO ADICIONAL DE SERIE-TÍTULO UNIFORME
Título uniforme Travaux du "Centre de recherche sur l'Espagne des XVIe et XVIIe siècles" ;
Designación de volumen o secuencia 11
9 (RLIN) 228826
852 ## - LOCALIZACIÓN
Ubicación ES-MaACL
Número de control de estantería L-25314
Holdings
Estatus retirado Estado de pérdida Estado de daño No para préstamo Biblioteca de origen Biblioteca actual Ubicación en estantería Fecha de adquisición Fuente de adquisición Total de préstamos Signatura topográfica completa Código de barras Visto por última vez Precio de reemplazo Tipo de ítem Koha
        Biblioteca del Ateneo de Madrid Biblioteca del Ateneo de Madrid Depósito 2 17/01/2008     L-25314 1019174 23/02/2023 23/02/2023 Libro impreso